Las paradojas de un paradigma: pensando la semiótica /
Shranjeno v:
| Glavni avtor: | |
|---|---|
| Format: | Neznan |
| Teme: | |
| Oznake: |
Označite
Brez oznak, prvi označite!
|
MARC
| LEADER | 000000000a22000000004500 | ||
|---|---|---|---|
| 001 | 003818 | ||
| 100 | 1 | |a Pérez Iglesias, María de los Ángeles | |
| 245 | 1 | 4 | |a Las paradojas de un paradigma: pensando la semiótica / |c María de los Ángeles Pérez Iglesias. |
| 310 | |a trimestral | ||
| 650 | 4 | |a SEMIOLOGIA (CIENCIAS SOCIALES) | |
| 650 | 4 | |a CIENCIAS SOCIALES | |
| 650 | 4 | |a METODOLOGIA | |
| 773 | 0 | |d San José, Costa Rica : Editorial de la Universidad de Costa Rica |t Revista de Ciencias Sociales |g número 67 (1995), páginas 7-14. | |
| 942 | |c ARC | ||
| 999 | |c 11206 |d 11206 | ||
